| 000 | 00808nam a2200229Ia 4500 | ||
|---|---|---|---|
| 003 | OSt | ||
| 005 | 20220923220633.0 | ||
| 006 | a|||||r|||| 00| 0 | ||
| 007 | ta | ||
| 008 | 220922b |||||||| |||| 00| 0 hin d | ||
| 024 | _a188,186 | ||
| 037 | _cTextual | ||
| 040 |
_aARTS _cARTS _bhin |
||
| 041 |
_2hin _ahin |
||
| 082 | _aV41:2501:N5, 152K6 | ||
| 100 |
_aहू शीह _9158888 |
||
| 245 | 0 | _aचीनी पुनर्जागरण* हेसेक्ल भाषण 1933, अनु भारत भूषण | |
| 246 | _aChīnī punarjāgaraṇa: hesekla bhāṣhaṇ 1933, anu0 bhārat bhūṣhaṇa | ||
| 260 |
_aइलाहाबाद _b किताब महल _c1966 |
||
| 942 |
_hV41:2501:N5, 152K6 _cTEXL _2CC |
||
| 999 |
_c341262 _d341262 |
||